Normal view
MARC view
Entry Personal Name
001 - CONTROL NUMBER
- control field: 1237472
003 - CONTROL NUMBER IDENTIFIER
- control field: OSt
005 - DATE AND TIME OF LATEST TRANSACTION
- control field: 20260430150427.0
008 - FIXED-LENGTH DATA ELEMENTS
- fixed length control field: 260430|| aca||aabn | a|a d
040 ## - CATALOGING SOURCE
- Original cataloging agency: OSt
- Transcribing agency: OSt
100 ## - HEADING--PERSONAL NAME
- Personal name: Tanwar Anshul Au.; Gulati Kavita Gu
670 ## - SOURCE DATA FOUND
- Source citation: Work cat.: (OSt)1849755: Tanwar Anshul Au.; Gulati Kavita Gu., Effects of Withania Somnifera Extract on Experimental Model of Type 2 Diabetes Mellitus Associated Cognition Deficit and the Possible Mechanisms in Rats, 2022
